000 00997nam a2200241 4500
008 b xx# ara u
010 _a38006
040 _aLB-BrCRDP
082 _a155.4/Y15t
100 1 _a. يعقوب، غسان
130 0 _lAR
240 _aAltefel allbnany
245 1 0 _a. الطفل اللبناني من 6 الى 7 سنوات
_bمشكلاته واحتياجاته
_cغسان يعقوب ... [وآخ]؛ بالتنسيق مع مكتب البحوث التربوية
260 _aبيروت
_bالمركز التربوي للبحوث والانماء
_c1978-1980
300 _a116 ص. ؛
_c24 سم.
490 0 _aالكتاب التربوي؛ 6
500 _a* صفحة عنوان باللغة الفرنسية
650 _aالطفل والتربية
_xلبنان
700 1 0 _a(المركز التربوي للبحوث والانماء (بيروت، لبنان
700 0 _aGhassan Yakoub
942 _cBK
999 _c14794
_d14794